dBASE Compilers a Programmer's Resource Book

Enregistré dans:
Détails bibliographiques
Auteur principal: Knecht, Ken
Format: Livre
Langue:anglais
Publié: [S.l.] TAB BOOKS 1988
Tags: Ajouter un tag
Pas de tags, Soyez le premier à ajouter un tag!

MARC

LEADER 00000nam a2200000 4500
001 c032307
005 20250707090958.6
041 0 |a eng 
044 |a SK 
245 1 0 |a dBASE Compilers a Programmer's Resource Book  |c Ken Knecht 
264 1 |a [S.l.]  |b TAB BOOKS  |c 1988 
300 |a 273 s. 
100 1 |a Knecht, Ken